• 首页
  • 本馆介绍
  • 公告通知
  • 最新文献
  • 馆藏检索
  • 电子资源
  • 读者导购
  • 参考咨询
  • 我的图书馆
  • 登录
  • 详细信息显示
  • 放入我的书架
  • 预约/预借图书
  • 作者相关作品
  • 分类相关作品
  • 丛书相关作品
  • 出版社相关作品

书目信息

  • 表格格式
  • 工作单格式
  • 卡片格式
题名:
中国工会历次代表大会文献
    
 
作者: ;中华全国总工会中国工人运动史研究室 编
分册: 第一卷  
出版信息: 北京   工人出版社  1984
页数: 495页
开本: 21cm
丛书名:
单 册:
中图分类: D412.3
科图分类:
主题词:
电子资源:
ISBN:
000 00791nam0 2200229 45
001 0184010033
005 20131014111818.06
010    @dCNY2.40
091    @a3007.436
100    @a19950609d1984 emky0chiy0121 ea
101 0  @achi
102    @aCN@b110000
105    @ay z 100yy
200 10 @a中国工会历次代表大会文献@Azhong guo gong hui li ci dai biao da hui wenxian@h第一卷@f中华全国总工会中国工人运动史研究室编@FZhong Hua Quan Guo Zong Gong Hui Zhong Guo Gong Ren Yun Dong Shi Yan JiuShi Bian
210    @a北京@c工人出版社@d1984
215    @a495页@d21cm
601 02 @a中华全国总工会@x代表会议@x会议资料
690    @aD412.3@v3
711 02 @a中华全国总工会中国工人运动史研究室@4编
801  0 @aCN@b上海图书馆@c20040424
801  2 @aCN@bNLC@c20040424
905    @dD412.3@e40:1@f1@b202747
    
    中国工会历次代表大会文献.第一卷/中华全国总工会中国工人运动史研究室编.-北京:工人出版社,1984
    495页;21cm
    
    
    ISBN :CNY2.40
    
●
相关链接 在E读中查询图书 在五车中查询图书 在当当中查询图书 在豆瓣中查询图书


正题名:中国工会历次代表大会文献     索取号:D412.3/40:1         预约/预借

序号 登录号 条形码 馆藏地/架位号 状态 备注
1 0202745   000382909   第一借阅区/ [索取号:D412.3/40:1] 在馆    
2 0202746   001728697   密集书库/ [索取号:D412.3/40:1] 在馆    
3 0202747   000382892   第一样本阅览室/ [索取号:D412.3/40:1] 在馆    
唐山师范学院图书馆 欢迎您!
大连网信软件有限公司© 版权所有